Normal view
MARC view
- Spencer, Herbert,
Entry Nombre Personal
001 - NUMERO DE CONTROL
- campo de control: 4991
003 - IDENTIFICADOR DE NUMERO DE CONTROL
- campo de control: MX-MxUPN
005 - FECHA Y HORA DE LA ÜLTIMA TRANSACCIÓN
- campo de control: 20240703153323.0
008 - DATOS DE LONGITUD FIJA
- campo de control de longitud fija: 240703n| acnnnaabn | ana |d
035 ## - NUMERO DE CONTROL
- Número de control: UPN10000004991
040 ## - FUENTE DE CATALOGACIÓN
- Agencia original de catalogación: MX-MxUPN
- Lenguaje de catalogación: spa
- Agencia de transcripción: MX-MxUPN
100 1# - ENCABEZAMIENTO - NOMBRE PERSONAL
- Nombre personal: Spencer, Herbert,
- Fechas asociadas con el nombre: 1820-1903
670 ## - FUENTE EN LA QUE SE LOCALIZARON DATOS
- Cita de la fuente: T
- Información localizada: Salvat Universal
902 ## - CATALOGADOR
- Catalogador: PN/260597
